000 01286cam a2200265 4500
001 ABS63896
008 000000n2001 000 0 eng u
035 _a(Sirsi) u112330
100 _aBruff, G.
245 _aRegional planning guidance - towards a stronger approach to the environment?
260 _c2001
490 _aTown & Country Planning
_v70(3) March 2001, 70(3)
520 _aReviews the panel report for the first six public regional planning guidance public examinations. Mentions the reports for different regions and puts forward tentative conclusions. These tend to reflect the differences in the regions with the examination panels in the more prosperous areas supporting the case for increased proposed levels of housing development while in less affluent areas the reverse is the case. With tables showing public examinations of RPG to date, proposed housing numbers by region and targets for development.
590 _aABS
650 _aREGIONAL PLANNING GUIDANCE
650 _aEAST ANGLIA
650 _aSOUTH EAST
650 _aSOUTH WEST
650 _aEAST MIDLANDS
650 _aNORTH EAST
650 _aYORKSHIRE AND HUMBERSIDE
690 _aENVIRONMENTAL AND LAND CONSULTANCY-PLANNING AND DEVELOPMENT
700 _aCounsell, D.
942 _n0
999 _c66863
_d66863